[Event "Muensterland Regionalliga Gr1 2223"]
[Site "Germany"]
[Date "2022.11.05"]
[Round "3.5"]
[White "Langhanke, Guenther"]
[Black "Esser, Peter"]
[Result "1-0"]
[WhiteElo "1958"]
[BlackElo "1785"]
[PlyCount "77"]
[EventDate "2022.09.03"]
[EventType "team-tourn"]
[EventRounds "7"]
[EventCountry "GER"]
[SourceTitle "EXT 2024"]
[Source "ChessBase"]
[SourceDate "2023.10.10"]
[SourceVersion "1"]
[SourceVersionDate "2023.10.10"]
[SourceQuality "1"]
[WhiteTeam "Rheine Klein Berlin"]
[BlackTeam "Telgte"]
[WhiteTeamCountry "GER"]
[BlackTeamCountry "GER"]

1. e4 c6 2. d4 d5 3. exd5 cxd5 4. Bd3 Nc6 5. c3 Nf6 6. Bf4 Bg4 7. Qb3 Qd7 8. Nd2 e6 9. Ngf3 Bxf3 10. Nxf3 Nh5 11. Be3 Bd6 12. g3 Nf6 13. 0-0 0-0 14. Qc2 h6 15. Rfe1 Qc7 16. Nh4 Rac8 17. Qe2 Kh8 18. Rad1 Ne7 19. Qf3 Neg8 20. Ng2 a6 21. Nf4 b5 22. a3 Qb8 23. h4 g6 24. g4 Nh7 25. g5 h5 26. Nxh5 gxh5 27. Qxh5 f5 28. g6 Ngf6 29. Qh6 Rg8 30. Bg5 Rxg6 31. Qxg6 Rg8 32. Qf7 Rg7 33. Qxe6 Nxg5 34. hxg5 Rxg5+ 35. Kf1 Qf8 36. Re3 f4 37. Rh3+ Kg7 38. Ke2 Nh5 39. Rxh5 1-0

[Event "Muensterland Regionalliga 1920"]
[Site "Germany"]
[Date "2019.09.28"]
[Round "2.5"]
[White "Langhanke, Guenther"]
[Black "Thesing, Ansgar"]
[Result "1-0"]
[WhiteElo "1942"]
[BlackElo "1789"]
[PlyCount "99"]
[EventDate "2019.09.07"]
[EventType "team-tourn"]
[EventRounds "7"]
[EventCountry "GER"]
[SourceTitle "EXT 2023"]
[Source "ChessBase"]
[SourceDate "2022.10.05"]
[SourceVersion "1"]
[SourceVersionDate "2022.10.05"]
[SourceQuality "1"]
[WhiteTeam "Rheine Klein Berlin"]
[BlackTeam "Borken"]
[WhiteTeamCountry "GER"]
[BlackTeamCountry "GER"]

1. e4 c5 2. Nc3 a6 3. g3 b5 4. Bg2 Bb7 5. d3 e6 6. Nf3 Be7 7. 0-0 d5 8. exd5 exd5 9. Re1 Nf6 10. Nh4 0-0 11. Nf5 Re8 12. Bg5 Nc6 13. Bxf6 Bxf6 14. Rxe8+ Qxe8 15. Nd6 Qd7 16. Nxb7 Qxb7 17. Bxd5 Qd7 18. Bg2 Rd8 19. Rb1 b4 20. Ne4 Be7 21. Nd2 g6 22. Bxc6 Qxc6 23. b3 Re8 24. Qf3 Qe6 25. Qe4 Qxe4 26. Nxe4 f5 27. Nd2 Bf6 28. Kf1 Kf7 29. Re1 Rxe1+ 30. Kxe1 Ke6 31. Ke2 Kd5 32. Nf3 Be7 33. Ke3 Bf6 34. h4 h6 35. Ng1 Bd4+ 36. Kf3 Be5 37. Ne2 Bf6 38. Nf4+ Kd4 39. Ne2+ Kd5 40. Ke3 g5 41. h5 Bg7 42. f3 Bd4+ 43. Kd2 Bf6 44. c4+ Ke5 45. d4+ Kd6 46. Kd3 Be7 47. dxc5+ Kxc5 48. Nd4 Bd6 49. Nxf5 Bf8 50. Ke4 1-0

[Event "Muensterland Regionalliga 1819"]
[Site "Germany"]
[Date "2019.05.11"]
[Round "9.5"]
[White "Langhanke, Guenther"]
[Black "Mueller, Achim"]
[Result "1/2-1/2"]
[WhiteElo "1932"]
[BlackElo "2049"]
[PlyCount "96"]
[EventDate "2018.09.08"]
[EventType "team-tourn"]
[EventRounds "9"]
[EventCountry "GER"]
[SourceTitle "EXT 2020"]
[Source "ChessBase"]
[SourceDate "2019.10.17"]
[SourceVersion "1"]
[SourceVersionDate "2019.10.17"]
[SourceQuality "1"]
[WhiteTeam "Rheine Klein Berlin"]
[BlackTeam "Emsdetten Rochade"]
[WhiteTeamCountry "GER"]
[BlackTeamCountry "GER"]

1. e4 c6 2. d4 d5 3. exd5 cxd5 4. Bd3 Nc6 5. c3 Qc7 6. h3 Nf6 7. Ne2 e5 8. dxe5 Nxe5 9. Bb5+ Bd7 10. Bxd7+ Qxd7 11. Qd4 Bd6 12. 0-0 0-0 13. Bg5 Ne4 14. Bf4 Qf5 15. Bxe5 Bxe5 16. Qd3 Rad8 17. Nd2 Rfe8 18. Nd4 Qf4 19. N2f3 Bb8 20. Rfe1 g5 21. Qe3 Qf6 22. Rad1 h5 23. Nd2 g4 24. hxg4 hxg4 25. g3 Re7 26. Nxe4 Rxe4 27. Qd2 Rde8 28. Rxe4 dxe4 29. Nc2 Kg7 30. Qd7 Qf3 31. Ne3 Re6 32. Rd5 Be5 33. Nxg4 Bxg3 34. Rg5+ Kh7 35. Qd4 Bxf2+ 36. Qxf2 Qxf2+ 37. Kxf2 Rb6 38. b4 Ra6 39. Ra5 Rg6 40. Ne3 Rf6+ 41. Rf5 Kg6 42. Rxf6+ Kxf6 43. Nc4 Ke6 44. Ke3 Kd5 45. Nd2 f5 46. c4+ Ke5 47. c5 f4+ 48. Ke2 Kd4 1/2-1/2

[Event "Muensterland Regionalliga 1819"]
[Site "Germany"]
[Date "2019.03.02"]
[Round "7.5"]
[White "Langhanke, Guenther"]
[Black "Woltering, Martin"]
[Result "1-0"]
[WhiteElo "1932"]
[BlackElo "1818"]
[PlyCount "59"]
[EventDate "2018.09.08"]
[EventType "team-tourn"]
[EventRounds "9"]
[EventCountry "GER"]
[SourceTitle "EXT 2020"]
[Source "ChessBase"]
[SourceDate "2019.10.17"]
[SourceVersion "1"]
[SourceVersionDate "2019.10.17"]
[SourceQuality "1"]
[WhiteTeam "Rheine Klein Berlin"]
[BlackTeam "Ahaus Wessum"]
[WhiteTeamCountry "GER"]
[BlackTeamCountry "GER"]

1. e4 e6 2. d4 d5 3. Nd2 Nf6 4. e5 Nfd7 5. Bd3 c5 6. c3 Nc6 7. Ne2 cxd4 8. cxd4 f6 9. exf6 Nxf6 10. Nf3 Bd6 11. 0-0 0-0 12. Bf4 Bxf4 13. Nxf4 Qd6 14. Ne2 e5 15. dxe5 Nxe5 16. Nxe5 Qxe5 17. Qc2 Bd7 18. Qc3 Qg5 19. Qd4 Bc6 20. Ng3 Rae8 21. Rae1 a6 22. Bf5 h5 23. h4 Qh6 24. Re6 Rxe6 25. Bxe6+ Kh8 26. Nf5 Qg6 27. Ne7 Qe8 28. Qc5 Ne4 29. Ng6+ Qxg6 30. Qxf8+ 1-0

[Event "Muensterland Regionalliga 1617"]
[Site "Germany"]
[Date "2017.01.14"]
[Round "5.3"]
[White "Langhanke, Guenther"]
[Black "Rehfeldt, Frank"]
[Result "1/2-1/2"]
[WhiteElo "1942"]
[BlackElo "2113"]
[PlyCount "28"]
[EventDate "2016.09.17"]
[EventType "team"]
[EventRounds "9"]
[EventCountry "GER"]
[SourceTitle "EXT 2018"]
[Source "ChessBase"]
[SourceDate "2017.10.13"]
[SourceVersion "1"]
[SourceVersionDate "2017.10.13"]
[SourceQuality "1"]
[WhiteTeam "Rheine Klein Berlin"]
[BlackTeam "Muenster SK III"]
[WhiteTeamCountry "GER"]
[BlackTeamCountry "GER"]

1. e4 c6 2. Nf3 d5 3. exd5 cxd5 4. Ne5 Nc6 5. d4 Nf6 6. Bb5 Qb6 7. c4 Bd7 8. Nxd7 Nxd7 9. Nc3 Qxd4 10. Nxd5 Qxd1+ 11. Kxd1 0-0-0 12. Bxc6 bxc6 13. Ne3 g6 14. Kc2 Bg7 1/2-1/2

[Event "Muensterland Regionalliga 1617"]
[Site "Germany"]
[Date "2016.11.19"]
[Round "3.3"]
[White "Langhanke, Guenther"]
[Black "Storck, Martin"]
[Result "0-1"]
[WhiteElo "1942"]
[BlackElo "1927"]
[PlyCount "70"]
[EventDate "2016.09.17"]
[EventType "team"]
[EventRounds "9"]
[EventCountry "GER"]
[SourceTitle "EXT 2018"]
[Source "ChessBase"]
[SourceDate "2017.10.13"]
[SourceVersion "1"]
[SourceVersionDate "2017.10.13"]
[SourceQuality "1"]
[WhiteTeam "Rheine Klein Berlin"]
[BlackTeam "Gronau"]
[WhiteTeamCountry "GER"]
[BlackTeamCountry "GER"]

1. e4 e5 2. Bc4 Nf6 3. d3 Bc5 4. Nf3 d6 5. c3 0-0 6. Bb3 b5 7. 0-0 Bb6 8. h3 Be6 9. Bxe6 fxe6 10. a4 bxa4 11. Rxa4 Qe8 12. Be3 Nbd7 13. Bxb6 Nxb6 14. Ra3 Qg6 15. Nh2 Nh5 16. Qg4 Qe8 17. g3 Rf6 18. Qe2 Rg6 19. Kh1 Rxg3 20. Rg1 Nf4 21. Qf1 Rxh3 22. Rg3 Qh5 23. Rxh3 Qxh3 24. c4 Qh5 25. Nc3 c6 26. Nd1 Nd7 27. Ne3 d5 28. Ng2 Nxg2 29. Qxg2 Nf6 30. Qf3 Qh6 31. exd5 cxd5 32. Qe3 Qxe3 33. fxe3 e4 34. c5 exd3 35. Rxd3 Ne4 0-1

[Event "Muensterland Regionalliga 1617"]
[Site "Germany"]
[Date "2016.10.29"]
[Round "2.4"]
[White "Langhanke, Guenther"]
[Black "Broemmel, Rudolf"]
[Result "1/2-1/2"]
[WhiteElo "1942"]
[BlackElo "1910"]
[PlyCount "44"]
[EventDate "2016.09.17"]
[EventType "team"]
[EventRounds "9"]
[EventCountry "GER"]
[SourceTitle "EXT 2018"]
[Source "ChessBase"]
[SourceDate "2017.10.13"]
[SourceVersion "1"]
[SourceVersionDate "2017.10.13"]
[SourceQuality "1"]
[WhiteTeam "Rheine Klein Berlin"]
[BlackTeam "Raesfeld Erle"]
[WhiteTeamCountry "GER"]
[BlackTeamCountry "GER"]

1. e4 Nc6 2. Nf3 d6 3. d4 Bg4 4. Be3 Nf6 5. Nc3 e6 6. Be2 Be7 7. Nd2 Bxe2 8. Qxe2 d5 9. e5 Nd7 10. Qg4 g6 11. a3 h5 12. Qe2 Nb6 13. f4 Qd7 14. 0-0 Bd8 15. b3 Ne7 16. Nd1 Nf5 17. Bf2 Nc8 18. Nf3 Nce7 19. Ne3 Nxe3 20. Bxe3 Nf5 21. Bf2 c6 22. Rfd1 a5 1/2-1/2

[Event "Muensterland Regionalliga 1516"]
[Site "Germany"]
[Date "2015.09.26"]
[Round "2.4"]
[White "Luetkehermoelle, Martin"]
[Black "Langhanke, Guenther"]
[Result "1/2-1/2"]
[WhiteElo "1938"]
[BlackElo "1986"]
[PlyCount "35"]
[EventDate "2015.09.05"]
[EventType "team"]
[EventRounds "9"]
[EventCountry "GER"]
[SourceTitle "EXT 2017"]
[Source "ChessBase"]
[SourceDate "2016.10.25"]
[SourceVersion "1"]
[SourceVersionDate "2016.10.25"]
[SourceQuality "1"]
[WhiteTeam "Gronau"]
[BlackTeam "Rheine Klein Berlin"]
[WhiteTeamCountry "GER"]
[BlackTeamCountry "GER"]

1. e4 c5 2. Nf3 Nc6 3. d4 cxd4 4. Nxd4 e5 5. Nb5 d6 6. N1c3 a6 7. Na3 b5 8. Nd5 Nce7 9. c4 Nxd5 10. exd5 bxc4 11. Nxc4 Nf6 12. Bg5 Be7 13. Bd3 0-0 14. Bxf6 Bxf6 15. 0-0 Bb7 16. a4 Rc8 17. Rc1 Rc5 18. b4 1/2-1/2

[Event "Muensterland Regionalliga 1415"]
[Site "Germany"]
[Date "2014.11.22"]
[Round "3.3"]
[White "Langhanke, Guenther"]
[Black "Althoff, Franz"]
[Result "0-1"]
[WhiteElo "2023"]
[BlackElo "2021"]
[PlyCount "54"]
[EventDate "2014.09.20"]
[EventType "team-tourn"]
[EventRounds "9"]
[EventCountry "GER"]
[SourceTitle "EXT 2016"]
[Source "ChessBase"]
[SourceDate "2015.10.08"]
[SourceVersion "1"]
[SourceVersionDate "2015.10.08"]
[SourceQuality "1"]
[WhiteTeam "Rheine Klein Berlin"]
[BlackTeam "Nienberge"]
[WhiteTeamCountry "GER"]
[BlackTeamCountry "GER"]

1. e4 c5 2. Nc3 Nc6 3. Bb5 e6 4. Bxc6 bxc6 5. e5 d5 6. exd6 Bxd6 7. d3 Rb8 8. Nf3 Nf6 9. 0-0 Nd5 10. Ne4 Be7 11. Qe2 Qc7 12. c4 Nf6 13. Be3 Nxe4 14. dxe4 e5 15. Ne1 Bd6 16. Nd3 Qe7 17. f3 0-0 18. Qf2 f5 19. exf5 e4 20. fxe4 Qxe4 21. Nxc5 Qe5 22. g4 Rxb2 23. Qf4 Qe7 24. Qd4 Bxh2+ 25. Kh1 Be5 26. f6 Rxf6 27. Qe4 Rxf1+ 0-1

[Event "GER-chA Seniors 26th"]
[Site "Bad Neuenahr"]
[Date "2014.08.12"]
[Round "8"]
[White "Langhanke, Guenther"]
[Black "Prill, Gerhard"]
[Result "1/2-1/2"]
[WhiteElo "2143"]
[BlackElo "2026"]
[PlyCount "53"]
[EventDate "2014.08.05"]
[EventType "swiss"]
[EventRounds "9"]
[EventCountry "GER"]
[SourceTitle "EXT 2018"]
[Source "ChessBase"]
[SourceDate "2017.10.13"]
[SourceVersion "1"]
[SourceVersionDate "2017.10.13"]
[SourceQuality "1"]

1. e4 e5 2. Nc3 Nc6 3. Bc4 Nf6 4. d3 Be7 5. Nf3 d6 6. h3 Na5 7. Bb3 c6 8. 0-0 0-0 9. Re1 a6 10. Ne2 c5 11. c3 Nxb3 12. Qxb3 Qc7 13. Ng3 b5 14. Qd1 Bd7 15. Bg5 h6 16. Bd2 Rfe8 17. Nh2 Qc8 18. Nhf1 Ra7 19. Qf3 Be6 20. Ne3 Qd8 21. Ngf5 Bf8 22. c4 Kh7 23. Nd5 Bxd5 24. cxd5 g6 25. Ng3 Bg7 26. Qe3 a5 27. a4 1/2-1/2

[Event "GER-chA Seniors 26th"]
[Site "Bad Neuenahr"]
[Date "2014.08.10"]
[Round "6"]
[White "Langhanke, Guenther"]
[Black "Ljubarskij, Jurij"]
[Result "1/2-1/2"]
[WhiteElo "2143"]
[BlackElo "2285"]
[PlyCount "125"]
[EventDate "2014.08.05"]
[EventType "swiss"]
[EventRounds "9"]
[EventCountry "GER"]
[SourceTitle "EXT 2018"]
[Source "ChessBase"]
[SourceDate "2017.10.13"]
[SourceVersion "1"]
[SourceVersionDate "2017.10.13"]
[SourceQuality "1"]

1. e4 e6 2. d3 d5 3. Nd2 c5 4. Ngf3 Nc6 5. g3 Nf6 6. Bg2 Be7 7. 0-0 0-0 8. Re1 dxe4 9. Nxe4 Nxe4 10. Rxe4 Bf6 11. Rb1 e5 12. b3 Bf5 13. Rc4 e4 14. Ne1 Bd4 15. Ra4 b5 16. Ra3 Re8 17. Be3 Qb6 18. Bxd4 Nxd4 19. b4 cxb4 20. Rxb4 a5 21. dxe4 axb4 22. Rxa8 Rxa8 23. exf5 Rd8 24. Nd3 Qd6 25. Be4 g6 26. fxg6 hxg6 27. Nf4 Qe5 28. Bd3 Re8 29. Qg4 Qg7 30. h4 f5 31. Qxg6 Qxg6 32. Nxg6 Re1+ 33. Kg2 Rc1 34. Ne7+ Kf8 35. Nxf5 Nxc2 36. Bxb5 Ne1+ 37. Kh3 Rc2 38. h5 Rxf2 39. g4 Rxa2 40. h6 Ra7 41. Bc4 Nf3 42. Bd5 Ne5 43. Kh4 Ng6+ 44. Kg5 Nh8 45. Kh5 Ra5 46. Be6 Ra6 47. Bb3 Ra3 48. Nd4 Ra1 49. g5 Rh1+ 50. Kg4 Rg1+ 51. Kf5 Nf7 52. Ne6+ Ke7 53. h7 Nh8 54. Nf4 Kf8 55. Ne6+ Kf7 56. Nf4+ Kg7 57. g6 Nxg6 58. Nxg6 Kxh7 59. Nf4 Rg3 60. Bc4 b3 61. Nd3 Kg7 62. Ke4 Rg4+ 63. Kd5 1/2-1/2

[Event "GER-chA Seniors 26th"]
[Site "Bad Neuenahr"]
[Date "2014.08.09"]
[Round "5"]
[White "Krotofil, Kurt"]
[Black "Langhanke, Guenther"]
[Result "0-1"]
[WhiteElo "1931"]
[BlackElo "2143"]
[PlyCount "88"]
[EventDate "2014.08.05"]
[EventType "swiss"]
[EventRounds "9"]
[EventCountry "GER"]
[SourceTitle "EXT 2018"]
[Source "ChessBase"]
[SourceDate "2017.10.13"]
[SourceVersion "1"]
[SourceVersionDate "2017.10.13"]
[SourceQuality "1"]

1. d4 d5 2. c4 e6 3. Nc3 Nf6 4. Bg5 Nbd7 5. e3 c6 6. Nf3 Qa5 7. cxd5 Nxd5 8. Qd2 Bb4 9. Rc1 0-0 10. Bd3 h6 11. Bh4 Re8 12. 0-0 e5 13. dxe5 Nxe5 14. Nxe5 Rxe5 15. Bb1 Nxc3 16. bxc3 Be7 17. Bxe7 Rxe7 18. Qd6 Re8 19. Rfd1 Be6 20. Qb4 Qc7 21. Rd2 Rad8 22. Rcd1 Rxd2 23. Rxd2 Rd8 24. Rxd8+ Qxd8 25. Qd4 Qxd4 26. cxd4 b5 27. Kf1 b4 28. Ke1 a5 29. Kd2 a4 30. e4 Bc4 31. Kc1 a3 32. Kc2 Kf8 33. f4 h5 34. g3 Ke7 35. Kc1 Kd6 36. Kc2 f5 37. exf5 Kd5 38. h3 Kxd4 39. Kd2 b3 40. axb3 Bxb3 41. g4 hxg4 42. hxg4 a2 43. Bxa2 Bxa2 44. g5 Ke4 0-1

[Event "Muensterland Verbandsliga 1213"]
[Site "Germany"]
[Date "2013.05.04"]
[Round "9.3"]
[White "Luetkehermoelle, Martin"]
[Black "Langhanke, Guenther"]
[Result "1/2-1/2"]
[WhiteElo "1905"]
[BlackElo "2035"]
[PlyCount "50"]
[EventDate "2012.09.22"]
[EventType "team-tourn"]
[EventRounds "9"]
[EventCountry "GER"]
[SourceTitle "EXT 2015"]
[Source "ChessBase"]
[SourceDate "2014.11.20"]
[SourceVersion "1"]
[SourceVersionDate "2014.11.20"]
[SourceQuality "1"]
[WhiteTeam "Ochtrup"]
[BlackTeam "Rheine Klein Berlin"]
[WhiteTeamCountry "GER"]
[BlackTeamCountry "GER"]

1. e4 c5 2. Nf3 Nc6 3. d4 cxd4 4. Nxd4 e5 5. Nb5 d6 6. N1c3 a6 7. Na3 b5 8. Nd5 Nge7 9. c4 Nxd5 10. Qxd5 Bb7 11. cxb5 Na5 12. Qd3 axb5 13. Nxb5 Be7 14. Be2 0-0 15. 0-0 Qb8 16. Bd2 Rd8 17. Rfc1 d5 18. Bxa5 Rxa5 19. Qc3 Qa8 20. Nc7 Qa7 21. b4 Rxa2 22. exd5 Rxa1 23. Rxa1 Qb6 24. Rc1 Bxd5 25. Nxd5 Rxd5 1/2-1/2

[Event "NRW Class1 1112"]
[Site "Germany"]
[Date "2012.02.05"]
[Round "6.7"]
[White "Langhanke, Guenther"]
[Black "Kartsev, Alexandr"]
[Result "1/2-1/2"]
[WhiteElo "2021"]
[BlackElo "2172"]
[PlyCount "34"]
[EventDate "2011.09.18"]
[EventType "team-tourn"]
[EventRounds "9"]
[EventCountry "GER"]
[SourceTitle "EXT 2015"]
[Source "ChessBase"]
[SourceDate "2014.11.20"]
[SourceVersion "1"]
[SourceVersionDate "2014.11.20"]
[SourceQuality "1"]
[WhiteTeam "Rheine Klein Berlin"]
[BlackTeam "Castrop Rauxel"]
[WhiteTeamCountry "GER"]
[BlackTeamCountry "GER"]

1. e4 c6 2. d4 d5 3. exd5 cxd5 4. Bd3 Nc6 5. c3 Qc7 6. Ne2 Bg4 7. f3 Bd7 8. 0-0 g6 9. Bf4 Qb6 10. Qb3 Qxb3 11. axb3 Bg7 12. Nd2 f6 13. b4 e5 14. Be3 Bh6 15. Bxh6 Nxh6 16. Nb3 Nf5 17. Rfe1 Kd8 1/2-1/2